Images That Start with 'SP' II Quiz Stats

Quiz Updated Nov 8, 2017

Challenge
Share
Tweet
Score 0/20 Timer 05:00
1 Play Today
% Correct
spider
99.8%
spaghetti with sprig
97.6%
spade
97.5%
speakers
97.3%
spatula
95.3%
sphinx
92.3%
spring
91%
sphere
90.7%
sparrow
85.8%
spool
82.2%
% Correct
spinach
80.2%
Spam
79.1%
spokes
77.6%
spectrum
74%
spruce
70.2%
spear
69.7%
spire
66.7%
spaceship
64.4%
spyglass
54.1%
spumoni
29%

You're not logged in!

Compare scores with friends on all Sporcle quizzes.
Sign Up with Email
OR
Log In

You Might Also Like...

Show Comments

Extras

Top Quizzes Today


Score Distribution

Your Account Isn't Verified!

In order to create a playlist on Sporcle, you need to verify the email address you used during registration. Go to your Sporcle Settings to finish the process.